| 000 | 00466nam a2200145Ia 4500 | ||
|---|---|---|---|
| 008 | 170221s9999 xx 000 0 und d | ||
| 100 | _aDavid Fehr | ||
| 245 | _aSelecting a strategic partner: a value maximization approach | ||
| 245 | _cDavid Fehr, Southern New Hampshire University. | ||
| 260 | _bJournal of Management and Marketing Research | ||
| 260 | _c2016 | ||
| 300 | _a6 : 1 | ||
| 650 | _xBusiness | ||
| 856 | _uhttp://www.aabri.com/manuscripts/121220.pdf | ||
| 999 |
_c313522 _d313522 |
||